00879nam a2200229 a 450000100100000000500170001000800410002702000150006804000250008308200200010810000320012824500470016026000320020730000210023950000630026065000280032365000310035104900090038295201180039195201230050999900170063200001196420240412074229.0091102s1977 sp 000 0 spa d a843996546X aDO-SdBNPbspacBNPHU aRD861.44bT315p1 aTerc, Nemén Michel92587810aPalabras de tierra /cNemén Michel Terc. aZaragoza :bCometas,c1977. a101 p. ;c20 cm. aIncluye datos biográficos del autor en la contracubierta 0aPoesía dominicana966 0aLiteratura dominicana.967 aBNPD 001050718MOaPDbPDcCTd2009-11-02iLF1l0oRD861.44 T315pp11964-10r2020-06-25w2020-06-25y1ZNo se presta 001050718MOaPDbPDcCTd2009-11-02iLF1l0oRD861.44 T315pp11964-20r2020-06-25te.2w2020-06-25y1ZNo se presta c11634d11634